La Participació ciutadana en la creació i/o millora de les biblioteques públiques /
Publicado:
Barcelona :
Diputació de Barcelona. Àrea d'Atenció a les Persones. Gerència de Serveis d'Igualtat i Ciutadania ,
2017
Descripción Física:
6 pàgines : 21 cm
Colección:
Quaderns de participació ciutadana
; 4
Materias:
Participació ciutadana
; Administració local -- Dret i legislació
; Biblioteques públiques -- Participació ciutadana
Idioma:
Catalán
MARC
| LEADER | 00000nam a2200000 a 4500 | ||
|---|---|---|---|
| 001 | 26349 | ||
| 008 | 220726s2017 spc||||| ||||s00| 0 cat c | ||
| 017 | |a DL B 29718-2017 | ||
| 080 | |a FU-72-30 | ||
| 245 | 0 | 3 | |a La Participació ciutadana en la creació i/o millora de les biblioteques públiques / |c contingut elaborat en col·laboració amb la Gerència de Serveis de Biblioteques |
| 260 | |a Barcelona : |b Diputació de Barcelona. Àrea d'Atenció a les Persones. Gerència de Serveis d'Igualtat i Ciutadania, |c 2017 | ||
| 300 | |a 6 pàgines : |c 21 cm | ||
| 490 | 1 | |a Quaderns de participació ciutadana ; |v 4 | |
| 650 | 0 | |a Participació ciutadana |9 7371 | |
| 650 | 0 | |a Administració local |x Dret i legislació |9 31521 | |
| 650 | 0 | |a Biblioteques públiques |x Participació ciutadana |9 54026 | |
| 710 | |a Barcelona (Catalunya : Província). |b Gerència de Serveis d'Igualtat i Ciutadania |9 52163 | ||
| 710 | 1 | |a Barcelona (Catalunya : Província). |b Gerència de Serveis de Biblioteques |9 52661 | |
| 830 | 0 | |9 56231 |a Quaderns de participació ciutadana |v 4 | |
| 942 | |2 udc |c ARXIU |n 1 | ||
| 952 | |0 0 |1 0 |4 0 |6 FU7230 |7 1 |9 63191 |a Arxiu |b Arxiu |d 2022-07-26 |l 0 |o FU-72-30 |p 26349 |r 2022-07-26 00:00:00 |w 2022-07-26 |y ARXIU | ||
| 999 | |c 82474 |d 82474 | ||